Normal view
MARC view
- Preparation Al- RabadI,Majdoleen ؛ supervisor Mahmoud AL-Sobh, Co Supervisor Samer Al-Zoubi
Entry Personal Name
001 - CONTROL NUMBER
- control field: 5816
003 - CONTROL NUMBER IDENTIFIER
- control field: JO-AjAnu
005 - DATE AND TIME OF LATEST TRANSACTION
- control field: 20230606071238.0
008 - FIXED-LENGTH DATA ELEMENTS
- fixed length control field: 230606|| aca||aabn | a|a d
040 ## - CATALOGING SOURCE
- Original cataloging agency: JO-AjAnu
- Transcribing agency: JO-AjAnu
100 ## - HEADING--PERSONAL NAME
- Personal name: Preparation Al- RabadI,Majdoleen ؛ supervisor Mahmoud AL-Sobh, Co Supervisor Samer Al-Zoubi
670 ## - SOURCE DATA FOUND
- Source citation: Work cat.: (JO-AjAnu)3014: Preparation Al- RabadI,Majdoleen ؛ supervisor Mahmoud AL-Sobh, Co Supervisor Samer Al-Zoubi, author, Problems that Face Ajloun National University Students In Using Comparative and Superiative Adjectives